000 00430nam a2200181Ia 4500
001 20118
005 20260306172742.0
008 260306t1994||||xx |||||||||||||| ||spa||
041 _aESP
082 _a342.221
_bS26
100 _aSartori, Giovanni
_eAUT
245 0 _aIngenierĂ­a constitucional comparada
260 _c1994
300 _a227 páginas :
_ccm.
650 _aGEN
654 _aCDE
942 _cLIB
_dJUS
_fJUS
_2ddc
_n
999 _c20118
_d20118